000 00557cam a2200205 4500
001 B3370
008 090401t1990 xxu||||| |||| 00| 0 eng d
035 _a(Sirsi) u55688
041 _aeng
050 _a346.4104343
110 _aDrivers Jonas
_91941
245 _aWhose money is it anyway ? A code of practice for commercial service charges
260 _aLondon
_bDrivers Jonas
_c1990
300 _a16p. ; 30cm.
350 _a0
650 _aPROPERTY-COMMERCIAL PROPERTY
710 _aPannell Kerr Forster
_9232
942 _n0
948 _c04/03/1997
999 _c93635
_d93635